000
00216nam a22000857a 4500
008
161217b xxu||||| |||| 00| 0 eng d
100
_9
2103
_a
Dev A et al
245
_a
Modern INdain History
260
_a
New Delhi
_b
APC
_c
2011
999
_c
4986
_d
4986